000
00325nam a22001457a 4500
008
230601b ||||| |||| 00| 0 eng d
020
_a
9781285914268
041
_a
eng
080
_2
10TH EDITION
_a
51
082
_a
51BEL
100
_a
23
101
_a
MATE
245
_a
CONTEMPORARY MATHEMATICS
_c
BELLO
942
_2
udc
_c
BK
999
_c
59894
_d
59894